Principales obligaciones laborales del empleador (Registro nro. 16529)

Detalles MARC
000 -Cabecera
Campo de control interno 00459nam a2200181Ia 4500
005 - Fecha y hora del registro
control field 20260306170316.0
008 - Elementos de Longitud Fija
fixed length control field 260306t2024||||xx |||||||||||||| ||und||
041 ## - Idioma
Codigo Idioma ESP
082 ## - DEWEY y NOTACIÓN INTERNA
Dewey 348.6
Notación Interna T22O
100 ## - AUTOR
Autor denominación Tarazona Pinedo, Manolo Narciso,
Término de relación autor
245 #0 - TÍTULO DE MATERIAL BIBLIOGRÁFICO
Título Principales obligaciones laborales del empleador
260 ## - CIUDAD, EDITORIAL, AÑO
Año 2024
300 ## - DESCRIPCIÓN
N° Páginas 223 páginas :
Dimensiones 24 cm.
650 ## - TEMAS
Temas Generalidades
654 ## - PROGRAMAS
Programa Dpto. de Derecho y Ciencia Política
942 ## - ELEMENTOS DE KOHA
Tipo de documento Libro
Nombre del creador Justo Noguera
Código de catalogador Justo Noguera
Esquema de clasificación Dewey Decimal Classification
Suppress in OPAC
Existencias
Codigo completo Registro Colección Copia número Disponibilidad Tipo de préstamo Biblioteca Actual Procedencia (Biblioteca) Ubicacón Fecha Ingreso Tipo de Adquisición Date last seen Total checkouts Price effective from Tipo de Item Estado del Material Fuente de Clasificación Damaged status Withdrawn status
348.6 T22O 1082229 Universidad Católica San Pablo 1 Disponible Disponible Víctor Andrés Belaunde Víctor Andrés Belaunde Primer piso 03/06/2026 Suscripción 06/03/2026   06/03/2026 Libro Bueno Dewey Decimal Classification